00756nam a2200241 a 4500001001300000003000900013005001700022008004100039020002300080082002200103100002000125245007800145260002600223300000900249500003500258505001000293650003600303700002000339902000800359942000700367952012300374999001700497nice12345678IN_TiNIC20260116013838.0050524s1997 leia grp 000 0 eng  a9004499 c10000a333.30917671bTSU aTsugitaka, Sato aState and Rural Society in Medieval Islamb Sultans, Muqta`s and Fallahun aLeiden bBrill c1997 a337p aincludes index and biblioraphy2 aIndex aLand Reforms-Egypt-Iraq-History1 aTsugitaka, Sato bSRS cBK 001040708StackRoom-aHMIbHMId2007-05-01g100.00l0o333.30917671 TSUp018224r2007-05-01v100.00w2005-05-24yBK c12784d12784